[Event "IND-ch U17 Girls 20th"]
[Site "Chakradharpur"]
[Date "2009.10.07"]
[Round "1"]
[White "Karthikeyini, R."]
[Black "Priyanka, Kumari"]
[Result "0-1"]
[WhiteElo "1620"]
[BlackElo "2058"]
[PlyCount "158"]
[EventDate "2009.10.07"]
[EventType "swiss"]
[EventRounds "11"]
[EventCountry "IND"]
[SourceTitle "CBM 132 Extra"]
[Source "ChessBase"]
[SourceDate "2009.11.03"]
[SourceVersion "1"]
[SourceVersionDate "2009.11.03"]
[SourceQuality "1"]

1. e4 c5 2. Nf3 e6 3. d4 cxd4 4. Nxd4 a6 5. Nc3 Qc7 6. Be2 Nf6 7. Bg5 Be7 8. Qd2 h6 9. Be3 Bb4 10. Bd3 d5 11. exd5 Nxd5 12. Nde2 Nd7 13. 0-0 Nxe3 14. Qxe3 Bc5 15. Qg3 Qxg3 16. Nxg3 0-0 17. Nce4 Be7 18. Rad1 b5 19. Be2 Nb6 20. Nd6 Rd8 21. Nxc8 Raxc8 22. Rxd8+ Bxd8 23. Bd3 Bf6 24. b3 Nd5 25. Ne4 Be7 26. a4 Nb4 27. axb5 Nxd3 28. cxd3 axb5 29. f4 f5 30. Nd2 Rc2 31. Nf3 Rc3 32. Rb1 Rxd3 33. Kf1 Bd6 34. Ke2 Rd5 35. g3 Kf7 36. Ra1 Kf6 37. Ra6 g5 38. fxg5+ hxg5 39. Ra1 g4 40. Nd2 Bb4 41. Nf1 Rc5 42. Ne3 Rc3 43. Rb1 Bc5 44. Nf1 e5 45. Kd2 Bb4 46. Ke2 f4 47. gxf4 exf4 48. Rb2 f3+ 49. Kf2 Rc1 50. Nd2 Rh1 51. Kg3 Kf5 52. Nxf3 gxf3 53. Kxf3 Bc3 54. Rc2 b4 55. Kg2 Rb1 56. Rf2+ Kg5 57. Rf8 Rxb3 58. Rg8+ Kh6 59. h3 Rb1 60. Rg4 b3 61. Rh4+ Kg5 62. Rg4+ Kf5 63. Rg3 Rc1 64. h4 b2 65. Rg5+ Kf6 66. Rb5 b1Q 67. Rxb1 Rxb1 68. Kf3 Kf5 69. h5 Rh1 70. h6 Rxh6 71. Ke3 Rh3+ 72. Ke2 Ke4 73. Kf2 Be5 74. Ke2 Rh2+ 75. Kd1 Ke3 76. Kc1 Kd3 77. Kb1 Kc3 78. Ka1 Kb3+ 79. Kb1 Rh1# 0-1

[Event "IND-ch U20 Girls"]
[Site "Chennai"]
[Date "2009.09.20"]
[Round "1"]
[White "Bharathi, R."]
[Black "Karthikeyini, R."]
[Result "1-0"]
[WhiteElo "2160"]
[BlackElo "1620"]
[PlyCount "69"]
[EventDate "2009.09.20"]
[EventType "swiss"]
[EventRounds "11"]
[EventCountry "IND"]
[SourceTitle "CBM 132 Extra"]
[Source "ChessBase"]
[SourceDate "2009.11.03"]
[SourceVersion "1"]
[SourceVersionDate "2009.11.03"]
[SourceQuality "1"]

1. e4 c5 2. Nf3 Nc6 3. d4 cxd4 4. Nxd4 Nf6 5. Nc3 e5 6. Ndb5 d6 7. Bg5 a6 8. Na3 b5 9. Nd5 Be7 10. Bxf6 Bxf6 11. c3 0-0 12. Nc2 Bg5 13. a4 bxa4 14. Rxa4 Ne7 15. Bc4 Bb7 16. b4 Nxd5 17. Bxd5 Bxd5 18. Qxd5 Qc7 19. Ra3 h6 20. 0-0 Qb6 21. Rfa1 Rfc8 22. Qd3 Qc6 23. Ne1 Be7 24. Nf3 Qb7 25. Nd2 Qc6 26. Nb1 Bg5 27. Rxa6 Qb7 28. g3 Be7 29. Rxa8 Rxa8 30. Rxa8+ Qxa8 31. Nd2 Qa4 32. Nc4 Qc6 33. Ne3 Bd8 34. Nf5 Bc7 35. Ne7+ 1-0